000 00886aam a2200301 i 4500
001 768714001
003 CO-MdFUSB
005 20220601141828.0
008 220601t1976 sp |||| |||| 00| 0 spa d
020 _a8470571044
040 _bspa.
_aCO-MdFUSB
_cCO-MdFUSB
_dCO-MdFUSBC
_erda
041 _aspa
082 0 4 _a 226.2
_2 B7162
100 1 _aBonnard, Pierre
_eAutor
245 1 0 _aEvangelio según San Mateo
_cPierre Bonnard; Traductor: P. R. Santidrian
250 _a2
264 1 _aHuesca, Madrid, España :
_bEdiciones Cristiandad,
_c[1976]
264 4 _c© 1976
300 _a632 Pag
_c;
336 _2rdacontent
_atexto
_btxt
337 _2rdamedia
_asin mediación
_bn
338 _2rdacarrier
_avolumen
_bnc
500 _aTítulo original : L'evangile selon Saint Matthieu
630 0 7 _aBiblia.
_vMateo
653 _aComentario
942 _cBK
945 _aestudiante
999 _c33436
_d33436